Ṭahdhīb al-lughah / (Record no. 49263)

MARC details
000 -LEADER
fixed length control field 01147cam a22002771a 4500
001 - CONTROL NUMBER
control field ne 66002037
003 - CONTROL NUMBER IDENTIFIER
control field DLC
005 - DATE AND TIME OF LATEST TRANSACTION
control field 20260227111828.0
008 - FIXED-LENGTH DATA ELEMENTS--GENERAL INFORMATION
fixed length control field 890117m19649999ua d 000 0 arar
010 ## - LIBRARY OF CONGRESS CONTROL NUMBER
LC control number ne 66002037
035 ## - SYSTEM CONTROL NUMBER
System control number (OCoLC)19027537
040 ## - CATALOGING SOURCE
Original cataloging agency DLC
Transcribing agency PPAnR
Modifying agency PPAnR
-- DGU
-- DLC
050 00 - LIBRARY OF CONGRESS CALL NUMBER
Classification number PJ6620
Item number .A9
100 1# - MAIN ENTRY--PERSONAL NAME
Personal name Azharī, Muḥammad ibn Aḥmad,
Dates associated with a name 895 or 896-980 or 981.
245 10 - TITLE STATEMENT
Title Ṭahdhīb al-lughah /
Statement of responsibility, etc. li-Abī Manṣūr Muḥammad ibn Aḥmad al-Azharī ; ḥaqqaqahu wa-qaddama la-hu ʻAbd al-Sālām Muḥammad Hārūn ; rājaʻahu Muḥammad ʻAlī al-Najjār.
260 ## - PUBLICATION, DISTRIBUTION, ETC.
Place of publication, distribution, etc. al-Qāhirah :
Name of publisher, distributor, etc. al-Dār al-Miṣrīyah lil-Taʼlīf wa-al-Tarjamah,
Date of publication, distribution, etc. 1966.
300 ## - PHYSICAL DESCRIPTION
Extent v. ;
Dimensions 28 cm.
440 #0 - SERIES STATEMENT/ADDED ENTRY--TITLE
Title Turāthunā (Cairo, Egypt)
500 ## - GENERAL NOTE
General note Title on added t.p.: Tahzīb el-loghah.
500 ## - GENERAL NOTE
General note Editors vary.
500 ## - GENERAL NOTE
General note Vol. 15 has imprint: al-Qāhirah : Dār al-Kātib al-ʻArabī li-l-Ṭibāʻah wa-al-Nashr, 1967.
650 #0 - SUBJECT ADDED ENTRY--TOPICAL TERM
Topical term or geographic name entry element Arabic language
Form subdivision Dictionaries
-- Early works to 1700.
700 1# - ADDED ENTRY--PERSONAL NAME
Personal name Hārūn, ʻAbd al-Salām Muḥammad.
700 1# - ADDED ENTRY--PERSONAL NAME
Personal name Najjar, Muḥammad ʻAlī.
740 0# - ADDED ENTRY--UNCONTROLLED RELATED/ANALYTICAL TITLE
Uncontrolled related/analytical title Tahzīb el-loghah.

No items available.

Powered by Koha